000 02035cam a2200421Ia 4500
001 768714001
003 CO-MdFUSB
005 20230915093751.0
007 ta
007 ca aa aaaaa
008 030605t2003 x g b 000 0 spa d
020 _a0687073979
_q(pbk.)
020 _a9780687073979
_q(pbk.)
040 _aISS
_bspa
_cCO-MdFUSB
_dCO-MdFUSB
_erda
041 _aspa
082 _224
_aG 221.1
_bR173i
100 1 _aRamírez Muñoz, Guillermo.
_eautor
245 0 0 _aIntroducción al Antiguo Testamento
_c/ Guillermo Ramírez Muñoz
_h[Físico y electrónico]
264 1 _aNashville, TN :
_bAbingdon Press,
_c[2003]
264 4 _c©2003
300 _a125 páginas ;
_c23 cm.
336 _atexto
_btxt
_2rdacontent
337 _asin mediación
_bn
_2rdamedia
337 _ainformático
_bc
_2rdamedia
338 _avolumen
_bnc
_2rdacarrier
338 _aremoto
_bcr
_2rdacarrier
505 _a1. Organización interna del Antiguo Testamento -- 2. La Torá -- 3. Los Profetas -- 4. Los Escritos -- 5. Literatura apócrifa o deuterocanónica -- 6. El texto hebreo y sus versiones
506 _aPréstamo en biblioteca del libro físico
506 _aSolicitar clave y usuario para acceder al libro electrónico.
520 _aEl Estudiante avanzado del Antiguo Testamento podrá encontrar en esta introducción un análisis sobrio del estado actual de la disciplina, y los pastores y pastoras, al igual que los maestros y maestras de escuela bíblica—descubrirán en sus paginas buenas ideas para elaborar estudios que ayuden a las congregaciones a entender y disfrutar la importante literatura bíblica veterotestamentaria.
630 0 7 _aBiblia.
_pAntiguo Testamento
856 _b856888
_uhttp://search.ebscohost.com/login.aspx?direct=true&scope=site&db=nlebk&db=nlabk&AN=856888
_zAbrir Versión electrónica del libro Introducción al Antiguo Testamento
942 _cBK
945 _aJTF-925
999 _c63959
_d63959